000 00182nam a2200073Ia 4500
008 170523s9999 xx 000 0 und d
100 _aCover- T.M.
245 0 _aElements of Information Theory
260 _aWiley India
999 _c12008
_d12008